La ruina de Kasch /

Uloženo v:
Podrobná bibliografie
Hlavní autor: Calasso, Roberto (autor)
Další autoři: Jordá, Joaquín (traducción) (traducción)
Médium: Kniha
Jazyk:španělština
Vydáno: Barcelona, España : Anagrama, 2000, c2000
Edice:(Compactos ; 247)
Témata:
Tagy: Přidat tag
Žádné tagy, Buďte první, kdo vytvoří štítek k tomuto záznamu!

MARC

LEADER 00000nam^a2200000^a^4500
001 000286133
005 20250521000000.0
009 20260310111800.338
020 |a 84-339-6678-2 
037 |a Acervo ITESO - Biblioteca 
041 |a ESP 
082 |a 853.  |b CAL 
100 |a Calasso, Roberto  |e (autor) 
245 1 3 |a La ruina de Kasch /  |c R. Calasso ; tr. por J. Jordà. 
264 4 |a Barcelona, España :  |b Anagrama,  |c 2000, c2000 
300 |a 383 p. 
336 |a texto  |b txt  |2 rdacontenido 
337 |a sin mediación  |b n  |2 rdamedio 
338 |a volumen  |b nc  |2 rdasoporte 
440 1 |a (Compactos ;  |v 247) 
649 |a XX 
650 |a Novela Italiana 
650 |a Literatura Italiana -  |y Siglo XX 
650 |a Historia 
700 |a Jordá, Joaquín  |e (traducción) 
910 |a Fondo General 
920 |a Impresos - Libros 
930 |a Colección General 
940 |a Literatura 
905 |a 101 
901 |a 0500172982  |b IT1  |c LIT  |u 20250521 
902 |a https://opac.biblio.iteso.mx/vufind/Record/000286133